Geografia del Condado de Castilla a la muerte de Fernán Gonzalez / (Record no. 105161)

MARC details
000 -LEADER
campo de control de longitud fija 00834nam a22002531 4500
001 - NÚMERO DE CONTROL
campo de control 105161
003 - IDENTIFICADOR DE NÚMERO DE CONTROL
campo de control ES-MaACL
005 - FECHA Y HORA DE LA ÚLTIMA TRANSACCIÓN
campo de control 20250828000907.0
007 - CAMPO FIJO DE DESCRIPCIÓN FÍSICA--INFORMACIÓN GENERAL
campo de control de longitud fija t|
008 - DATOS DE LONGITUD FIJA--INFORMACIÓN GENERAL
campo de control de longitud fija 060615s1957 sp ||||0| spa d
016 7# - NÚMERO DE CONTROL DE UNA AGENCIA BIBLIOGRÁFICA NACIONAL
Número de control cancelado/no válido IND9200523369
040 ## - FUENTE DE CATALOGACIÓN
Centro catalogador/agencia de origen M-BN
Lengua de catalogación spa
Centro/agencia transcriptor A2
080 ## - NÚMERO DE LA CLASIFICACIÓN DECIMAL UNIVERSAL
Número de la Clasificación Decimal Universal 911(463)"09/11"
080 ## - NÚMERO DE LA CLASIFICACIÓN DECIMAL UNIVERSAL
Número de la Clasificación Decimal Universal 946.3"09/11"
100 1# - ENTRADA PRINCIPAL--NOMBRE DE PERSONA
Nombre de persona López Mata, Teófilo.
9 (RLIN) 73765
245 10 - MENCIÓN DEL TÍTULO
Título Geografia del Condado de Castilla a la muerte de Fernán Gonzalez /
Mención de responsabilidad, etc. Teófilo López Mata.
260 ## - PUBLICACIÓN, DISTRIBUCIÓN, ETC.
Lugar de publicación, distribución, etc. Madrid :
Nombre del editor, distribuidor, etc. Instituto Jerónimo Zurita,
Fecha de publicación, distribución, etc. 1957 (
Fabricante Fenix)
300 ## - DESCRIPCIÓN FÍSICA
Extensión 159 p., 1 map. pleg ;
Dimensiones 21 cm.
500 ## - NOTA GENERAL
Nota general Consejo Superior de Investigaciones Cientificas.
651 #4 - PUNTO DE ACCESO ADICIONAL DE MATERIA--NOMBRE GEOGRÁFICO
Nombre geográfico Castilla-
Subdivisión general Geografía histórica.
9 (RLIN) 7975
710 2# - ENTRADA AGREGADA--NOMBRE DE ENTIDAD CORPORATIVA
Nombre de entidad corporativa o nombre de jurisdicción como elemento de entrada Instituto Jerónimo Zurita
9 (RLIN) 5106
852 ## - LOCALIZACIÓN
Ubicación ES-MaACL
Número de control de estantería C-15764
Sublocalización o colección R.43611
Holdings
Estatus retirado Estado de pérdida Estado de daño No para préstamo Biblioteca de origen Biblioteca actual Ubicación en estantería Fecha de adquisición Fuente de adquisición Total de préstamos Signatura topográfica completa Código de barras Visto por última vez Precio de reemplazo Tipo de ítem Koha
        Biblioteca del Ateneo de Madrid Biblioteca del Ateneo de Madrid Ficheros 17/01/2008     C-15764 1109790 23/02/2023 23/02/2023 Libro impreso